| 000 | 00714nam a2200205 a 4500 | ||
|---|---|---|---|
| 008 | 090325s2005 ||||||||||||||||| || u | ||
| 020 | _a0702026948 | ||
| 050 | _aRC 681 Jul | ||
| 100 | _aMcLenachan, James M | ||
| 245 | 1 | 0 |
_aCardiology. -- 8th ed. _cDesmond G. Julian, J. Campbell Cowan and James M. McLenachan |
| 250 | _a8th ed. | ||
| 260 |
_aLondon: _bElsevier _c2005 |
||
| 300 | _ax, 387p.: ill. | ||
| 350 | _a0.00 | ||
| 650 | _aHEALTH | ||
| 650 | _aHEART--DISEASES | ||
| 700 | _aCowan, J. Campbell | ||
| 700 | _aJulian, Desmond G | ||
| 995 |
_D0.00 _FCBU-MAIN LIBRARY (Kitwe) _H1 _I0.00 _M1 _UAVAILABLE _WMay 19, 2009 _ZMain Library Open Access Collection |
||
| 999 |
_c36736 _d36736 |
||